Štúdium prípravy a fotoredoxných vlastností magnetických iónových kvapalín obsahujúcich tetrahalogenoželezitanový anión

Guardado en:
Detalles Bibliográficos
Autor principal: Sas, Samuel
Formato: Software Libro
Lenguaje:eslovaco
Publicado: Bratislava STU FCHPT 2011
Acceso en línea:Ver en el OPAC
Etiquetas: Agregar Etiqueta
Sin Etiquetas, Sea el primero en etiquetar este registro!

MARC

LEADER 00000nam a2200000 a 4500
005 20260127134058.0
007 co ugu
008 110630 2011 xo 000 0 slo d
035 |a vtls010289845 
039 9 |y 201106301256  |z mschk03 
040 |a STUSCHK1  |b slo  |c STUSCHK1  |e AACR2 
100 1 |a Sas, Samuel 
245 1 |a Štúdium prípravy a fotoredoxných vlastností magnetických iónových kvapalín obsahujúcich tetrahalogenoželezitanový anión  |c Samuel Sas 
260 |a Bratislava  |b STU FCHPT  |c 2011 
300 |a 1 elektronický disk 
500 |a Obháj.: 6.6. 2010 
500 |a Študijný program: technická chémia 
500 |a Kombinácia študijných odborov: 4.1.14 chémia, 5.2.18 chemické technológie 
500 |a Miesto vypracovania: Oddelenie anorganickej chémie, FCHPT STU 
500 |a Evidenčné číslo: FCHPT-5459-26451 
500 |a diplomová práca na CD-ROMe 
910 |a SCHK95 
999 |c 3563  |d 3563